[Event "Festival 2023 Tournoi A"]
[Site "Lannemezan"]
[Date "2023.05.18"]
[Round "6.1"]
[White "Serrier, Mathis"]
[Black "Couet, Justin"]
[Result "0-1"]
[WhiteElo "2001"]
[BlackElo "1879"]
[PlyCount "80"]
[EventDate "2023.??.??"]
[WhiteTeam "l'Echiquier Toulousain"]
[BlackTeam "Echiquier Club Albigeois"]

1. d4 Nf6 2. Bf4 b5 3. e3 Bb7 4. Nf3 a6 5. c4 bxc4 6. Bxc4 Bd5 7. Qb3 e6 8. O-O
Nc6 9. Bxd5 Nxd5 10. Bg3 Rb8 11. Qc2 Bd6 12. e4 Nb6 13. d5 Bxg3 14. fxg3 Ne7
15. dxe6 dxe6 16. Nc3 O-O 17. Rad1 Qe8 18. Qe2 Na4 19. Ne5 Rxb2 20. Qc4 Nxc3
21. Qxc3 Rb8 22. Nd7 Nd5 23. Qc6 Rd8 24. Ne5 Ne3 25. Qxe8 Rdxe8 26. Nd7 Rd8 27.
Rd3 Nxf1 28. Kxf1 Rfe8 29. Ke2 f6 30. a4 Kf7 31. Nc5 Rxd3 32. Kxd3 a5 33. Kc4
Rb8 34. Nd3 e5 35. h4 Rd8 36. Nc5 Rb8 37. Kd5 Rb6 38. g4 Ke7 39. g5 c6+ 40. Kc4
Rb4+ 0-1

[Event "Festival 2023 Tournoi A"]
[Site "Lannemezan"]
[Date "2023.05.18"]
[Round "6.2"]
[White "Rigaud-Retourne, Mael"]
[Black "Grimault, Nathan"]
[Result "0-1"]
[WhiteElo "1839"]
[BlackElo "2130"]
[PlyCount "86"]
[EventDate "2023.??.??"]
[WhiteTeam "Echiquier Henri IV Pau"]
[BlackTeam "l'Echiquier Toulousain"]

1. d4 g6 2. Nf3 Bg7 3. e4 d6 4. Nc3 a6 5. a4 Bg4 6. Bc4 e6 7. Be3 Nc6 8. Qd2
Bxf3 9. gxf3 Qf6 10. O-O-O Qxf3 11. Rhg1 Qh5 12. Rg5 Qh4 13. Rdg1 Bh6 14. R5g2
Bxe3 15. Qxe3 Qh6 16. Qxh6 Nxh6 17. Ne2 O-O-O 18. c3 e5 19. f4 exd4 20. Nxd4
Nxd4 21. cxd4 Rhe8 22. Bd3 Ng8 23. Kd2 Nf6 24. Re2 d5 25. e5 Nh5 26. Rf1 f5 27.
Ke3 Re6 28. b4 Kd7 29. Rc2 Rc6 30. Rxc6 Kxc6 31. b5+ axb5 32. axb5+ Kb6 33. Ra1
c5 34. bxc6 bxc6 35. Ra6+ Kb7 36. Ra5 Ra8 37. Rxa8 Kxa8 38. h4 Kb7 39. Be2 Ng7
40. Bd1 Ne6 41. Bc2 Kb6 42. h5 Kb5 43. hxg6 hxg6 0-1

[Event "Festival 2023 Tournoi A"]
[Site "Lannemezan"]
[Date "2023.05.18"]
[Round "6.3"]
[White "Sayah-Hobon, Noah"]
[Black "Martel Bruniaux, Malko"]
[Result "0-1"]
[WhiteElo "1729"]
[BlackElo "2143"]
[PlyCount "62"]
[EventDate "2023.??.??"]
[WhiteTeam "Echiquier Henri IV Pau"]

1. e4 c5 2. Nc3 Nc6 3. f4 g6 4. Nf3 Bg7 5. Bc4 e6 6. O-O Nge7 7. d3 O-O 8. Ne2
d5 9. Bb3 Na5 10. c3 Nxb3 11. Qxb3 b6 12. e5 Ba6 13. Qd1 Nc6 14. g4 f6 15. exf6
Qxf6 16. Ng3 e5 17. Qb3 Qd6 18. Ne4 Qd7 19. Nf2 exf4 20. Qa4 Bb7 21. d4 Rae8
22. h3 Qd6 23. Bd2 Re2 24. Nd3 c4 25. Nc1 Rxd2 26. Nxd2 f3 27. Kf2 Qh2+ 28. Ke1
Qxh3 29. b3 f2+ 30. Kd1 Qxc3 31. Rb1 Nxd4 0-1

[Event "Festival 2023 Tournoi A"]
[Site "Lannemezan"]
[Date "2023.05.18"]
[Round "6.4"]
[White "Phelipot, Lucas"]
[Black "Levrero, Yolan"]
[Result "1/2-1/2"]
[WhiteElo "1661"]
[BlackElo "1674"]
[PlyCount "25"]
[EventDate "2023.??.??"]
[WhiteTeam "Club d'Echecs Pau Berlioz"]
[BlackTeam "Club d'Echecs Pau Berlioz"]

1. e4 c5 2. Nf3 Nc6 3. d4 cxd4 4. Nxd4 e5 5. Nb5 d6 6. N1c3 a6 7. Na3 b5 8. Be3
b4 9. Nd5 bxa3 10. Bb6 Qd7 11. Nc7+ Ke7 12. Nd5+ Ke8 13. Nc7+ 1/2-1/2

[Event "Festival 2023 Tournoi A"]
[Site "Lannemezan"]
[Date "2023.05.18"]
[Round "5.1"]
[White "Phelipot, Lucas"]
[Black "Serrier, Mathis"]
[Result "1-0"]
[WhiteElo "1661"]
[BlackElo "2001"]
[Annotator "zamai"]
[PlyCount "69"]
[EventDate "2023.??.??"]
[WhiteTeam "Club d'Echecs Pau Berlioz"]
[BlackTeam "l'Echiquier Toulousain"]

1. e4 e5 2. Nf3 Nc6 3. Bc4 Nf6 4. Qe2 Bc5 5. O-O d6 6. d3 a6 7. Be3 Bxe3 8.
Qxe3 O-O 9. a4 Ne7 10. Nbd2 Ng6 11. h3 h6 12. Rad1 Re8 13. Rfe1 Nf4 14. d4 Qe7
15. dxe5 dxe5 16. Bf1 Bd7 17. a5 Bc6 18. Bd3 Ng6 19. c3 Rad8 20. Nf1 Nh5 21.
Bc2 Qe6 22. Ng3 Nxg3 23. fxg3 Qa2 24. Rxd8 Rxd8 25. Qc5 Qxb2 26. Re2 Qb5 27.
Qxb5 Bxb5 28. Rd2 Rxd2 29. Nxd2 Ne7 30. Nb3 Ba4 31. Na1 Bxc2 32. Nxc2 Nc6 33.
Nb4 Nxb4 34. cxb4 b6 $4 35. b5 1-0

[Event "Festival 2023 Tournoi A"]
[Site "Lannemezan"]
[Date "2023.05.18"]
[Round "5.2"]
[White "Martel Bruniaux, Malko"]
[Black "Couet, Justin"]
[Result "1-0"]
[WhiteElo "2143"]
[BlackElo "1879"]
[PlyCount "121"]
[EventDate "2023.??.??"]
[BlackTeam "Echiquier Club Albigeois"]

1. d4 d5 2. Nf3 e6 3. c4 Nf6 4. g3 Bb4+ 5. Bd2 Bd6 6. Bg2 O-O 7. Qc2 dxc4 8.
Qxc4 Nc6 9. O-O e5 10. d5 Ne7 11. Nc3 c6 12. dxc6 Nxc6 13. Bg5 Be6 14. Qh4 Be7
15. Rfd1 Qb6 16. Rd2 Rad8 17. Be3 Qb4 18. Ng5 Qxh4 19. gxh4 Rxd2 20. Bxd2 Rd8
21. Be3 Bd5 22. Rd1 Bxg2 23. Rxd8+ Bxd8 24. Kxg2 h6 25. Nf3 b6 26. h3 Ne8 27.
Nd5 Nd6 28. h5 Nc4 29. b3 Nxe3+ 30. Nxe3 Bc7 31. Nd5 Bd6 32. e4 Nd8 33. Nh4 Nb7
34. Nf5 Bb8 35. Nfe7+ Kf8 36. Nc6 Bc7 37. Nxa7 Nc5 38. Nb5 Bb8 39. Kf3 Nd3 40.
Ne3 Nc1 41. Nd5 Nxa2 42. Ke3 Nc1 43. Nb4 Nxb3 44. Nc6 Nd4 45. Nbxd4 exd4+ 46.
Kxd4 Bd6 47. Kd5 Bc5 48. f3 Be3 49. Ne5 b5 50. Nd3 Bd2 51. Kc5 Ke7 52. Kxb5 Kf6
53. h4 g5 54. hxg6 fxg6 55. Kc6 h5 56. Kd7 g5 57. e5+ Kf5 58. e6 gxh4 59. e7 h3
60. e8=Q Kg5 61. Qe2 1-0

[Event "Festival 2023 Tournoi A"]
[Site "Lannemezan"]
[Date "2023.05.18"]
[Round "5.3"]
[White "Grimault, Nathan"]
[Black "Sayah-Hobon, Noah"]
[Result "1-0"]
[WhiteElo "2130"]
[BlackElo "1729"]
[PlyCount "75"]
[EventDate "2023.??.??"]
[WhiteTeam "l'Echiquier Toulousain"]
[BlackTeam "Echiquier Henri IV Pau"]

1. d4 e6 2. Nf3 Nf6 3. g3 d5 4. Bg2 c5 5. Bf4 Qb6 6. Bc1 cxd4 7. Nxd4 Bc5 8. e3
Nc6 9. Nb3 Be7 10. O-O Bd7 11. a4 Na5 12. N1d2 Rc8 13. Nxa5 Qxa5 14. e4 Bc6 15.
e5 Nd7 16. Nf3 b5 17. Bd2 Qc7 18. Nd4 bxa4 19. c4 Nb6 20. Nxc6 Qxc6 21. cxd5
exd5 22. Be3 Rd8 23. Rc1 Qd7 24. Bd4 O-O 25. f4 f6 26. Qh5 Nc4 27. Bh3 Qe8 28.
Qe2 fxe5 29. fxe5 Qg6 30. Bg2 Qe6 31. Rfe1 Bb4 32. Red1 Rc8 33. Bxa7 Rfd8 34.
Bd4 Bc5 35. Bxc5 Rxc5 36. Rxc4 Rxc4 37. Qxc4 Qxe5 38. Qd4 1-0

[Event "Festival 2023 Tournoi A"]
[Site "Lannemezan"]
[Date "2023.05.18"]
[Round "5.4"]
[White "Levrero, Yolan"]
[Black "Rigaud-Retourne, Mael"]
[Result "1/2-1/2"]
[WhiteElo "1674"]
[BlackElo "1839"]
[PlyCount "81"]
[EventDate "2023.??.??"]
[WhiteTeam "Club d'Echecs Pau Berlioz"]
[BlackTeam "Echiquier Henri IV Pau"]

1. d4 d5 2. c4 e6 3. Nc3 a6 4. cxd5 exd5 5. Nf3 Nf6 6. Bg5 Be6 7. e3 Nbd7 8.
Bd3 c6 9. O-O Bd6 10. Bf4 Qc7 11. Bxd6 Qxd6 12. Qc2 O-O 13. Rac1 g6 14. Na4 Qe7
15. Nc5 Nb6 16. Nd2 Nc8 17. b4 Nd6 18. a4 Rfc8 19. Qb1 b5 20. a5 Bf5 21. Rfe1
Bxd3 22. Qxd3 Re8 23. Nf3 Nc4 24. Nd2 Ne4 25. Ndb3 Qh4 26. Nxe4 Rxe4 27. f3 Re7
28. e4 h5 29. Re2 Kg7 30. Rce1 Qg5 31. Nc5 Kh7 32. exd5 Rxe2 33. Qxe2 Qxd5 34.
Qe7 Qxd4+ 35. Kh1 Qd5 36. Ne4 Qf5 37. Nf6+ Kg7 38. Ne8+ Kg8 39. Nf6+ Kg7 40.
Ne8+ Kg8 41. Nf6+ 1/2-1/2

[Event "Festival 2023 Tournoi A"]
[Site "Lannemezan"]
[Date "2023.05.18"]
[Round "4.1"]
[White "Serrier, Mathis"]
[Black "Martel Bruniaux, Malko"]
[Result "1-0"]
[WhiteElo "2001"]
[BlackElo "2143"]
[Annotator "Samy AIT CHAOUCHE"]
[PlyCount "47"]
[EventDate "2023.??.??"]
[WhiteTeam "l'Echiquier Toulousain"]

1. d4 d5 2. Bf4 Nf6 3. e3 e6 4. Nd2 Bd6 5. Bg3 O-O 6. Ngf3 c5 7. c3 Qc7 8. Rc1
Nbd7 9. c4 b6 10. b4 Bxg3 11. hxg3 Qd6 12. cxd5 cxd4 13. Nxd4 Nxd5 14. b5 Bb7
15. Nc6 N5f6 16. g4 h6 17. g5 hxg5 18. Qf3 g4 (18... g6 $5 19. Qh3 Nh5 20. g4
Ne5 $5 21. gxh5 $2 (21. Ne4 Qa3 22. Rc2) (21. Nc4 Nxc4 22. Bxc4 Bxc6 23. bxc6
Rad8 24. Kf1) 21... Rfd8 22. Nxd8 Rxd8) 19. Qg3 Qxd2+ 20. Kxd2 Ne4+ 21. Ke1
Bxc6 22. Qh4 f5 23. Rxc6 Rac8 24. Rxc8 1-0

[Event "Festival 2023 Tournoi A"]
[Site "Lannemezan"]
[Date "2023.05.18"]
[Round "4.2"]
[White "Couet, Justin"]
[Black "Grimault, Nathan"]
[Result "0-1"]
[WhiteElo "1879"]
[BlackElo "2130"]
[PlyCount "63"]
[EventDate "2023.??.??"]
[WhiteTeam "Echiquier Club Albigeois"]
[BlackTeam "l'Echiquier Toulousain"]

1. c4 Nf6 2. Nc3 g6 3. g3 Bg7 4. Bg2 d6 5. e3 c6 6. Nge2 Be6 7. b3 O-O 8. O-O
Qc8 9. d4 Bh3 10. Qd2 Bxg2 11. Kxg2 b5 12. a3 Nbd7 13. cxb5 cxb5 14. Bb2 Qb7+
15. Kg1 Rfb8 16. Rfb1 a5 17. Qd1 b4 18. axb4 axb4 19. Na2 Ne4 20. Nac1 Ng5 21.
d5 Bxb2 22. Rxa8 Rxa8 23. Rxb2 Ra5 24. Nf4 Nf6 25. h4 Nge4 26. Qd4 Nc3 27. Ncd3
e5 28. Qxb4 Qxb4 29. Nxb4 exf4 30. Nc6 Ra1+ 31. Kg2 fxe3 32. fxe3 0-1

[Event "Festival 2023 Tournoi A"]
[Site "Lannemezan"]
[Date "2023.05.18"]
[Round "4.3"]
[White "Rigaud-Retourne, Mael"]
[Black "Phelipot, Lucas"]
[Result "1-0"]
[WhiteElo "1839"]
[BlackElo "1661"]
[PlyCount "68"]
[EventDate "2023.??.??"]
[WhiteTeam "Echiquier Henri IV Pau"]
[BlackTeam "Club d'Echecs Pau Berlioz"]

1. d4 g6 2. Nf3 Bg7 3. e4 d6 4. Nc3 Nf6 5. Bc4 O-O 6. O-O c6 7. a4 Nbd7 8. e5
Nd5 9. Bxd5 cxd5 10. exd6 exd6 11. Nxd5 Nb6 12. Nc3 Bg4 13. Be3 Nc4 14. b3 Qa5
15. bxc4 Qxc3 16. Qd3 Qxd3 17. cxd3 Bxf3 18. gxf3 f5 19. f4 b6 20. a5 Rfd8 21.
Rfb1 bxa5 22. Rxa5 Rdb8 23. Rxb8+ Rxb8 24. Rxa7 Rb3 25. Rd7 Rxd3 26. Rxd6 Kf8
27. Rd7 Bf6 28. Rxh7 Bg7 29. d5 Kg8 30. Rh3 g5 31. Rg3 g4 32. Kf1 Bd4 33. Ke2
Bxe3 34. Kxd3 Bxf4 1-0

[Event "Festival 2023 Tournoi A"]
[Site "Lannemezan"]
[Date "2023.05.18"]
[Round "4.4"]
[White "Sayah-Hobon, Noah"]
[Black "Levrero, Yolan"]
[Result "1/2-1/2"]
[WhiteElo "1729"]
[BlackElo "1674"]
[PlyCount "58"]
[EventDate "2023.??.??"]
[WhiteTeam "Echiquier Henri IV Pau"]
[BlackTeam "Club d'Echecs Pau Berlioz"]

1. e4 c5 2. Nc3 g6 3. f4 Nc6 4. Nf3 Bg7 5. Bc4 a6 6. a4 e6 7. O-O Nge7 8. Bb3
O-O 9. Ne2 d5 10. d3 Rb8 11. c3 b5 12. axb5 axb5 13. Be3 c4 14. Bc2 b4 15. exd5
Nxd5 16. Bc5 bxc3 17. bxc3 Nxc3 18. Nxc3 Bxc3 19. Ra3 Bd4+ 20. Nxd4 Nxd4 21.
Bxf8 Qxf8 22. Rc3 Ba6 23. dxc4 Qc5 24. Rf2 Rd8 25. Bd3 Bb7 26. Kf1 Nf5 27. Qd2
Ne3+ 28. Ke1 Ng4 29. Rf1 Ne3 1/2-1/2

[Event "Festival 2023 Tournoi A"]
[Site "Lannemezan"]
[Date "2023.05.18"]
[Round "3.1"]
[White "Rigaud-Retourne, Mael"]
[Black "Serrier, Mathis"]
[Result "1/2-1/2"]
[WhiteElo "1839"]
[BlackElo "2001"]
[PlyCount "96"]
[EventDate "2023.??.??"]
[WhiteTeam "Echiquier Henri IV Pau"]
[BlackTeam "l'Echiquier Toulousain"]

1. d4 Nf6 2. Nf3 c5 3. d5 e6 4. Nc3 exd5 5. Nxd5 Nxd5 6. Qxd5 d6 7. e4 Nc6 8.
c4 Be6 9. Qd1 Ne5 10. Bf4 Nxc4 11. Qa4+ Qd7 12. Qxd7+ Kxd7 13. O-O-O f6 14. Kb1
Kc6 15. Be2 Ne5 16. Rd2 g5 17. Bg3 h5 18. h4 g4 19. Ne1 Bh6 20. Rd1 f5 21. Bxe5
dxe5 22. Nd3 fxe4 23. Nxe5+ Kc7 24. Bc4 Bxc4 25. Nxc4 Rad8 26. Rxd8 Rxd8 27.
Re1 b5 28. Ne3 Rf8 29. Nd5+ Kc6 30. Nc3 Rxf2 31. Rxe4 Rf6 32. Re5 c4 33. a3 Bg7
34. Rxh5 Rf1+ 35. Ka2 Rf2 36. Kb1 Rxg2 37. Rg5 Bd4 38. Rg6+ Kd7 39. Rg5 a6 40.
Rd5+ Ke6 41. Rxd4 g3 42. Rd5 Rf2 43. Rg5 g2 44. Ka2 Rc2 45. Ne4 Re2 46. Nc5+
Kd6 47. Ne4+ Rxe4 48. Rxg2 Rxh4 1/2-1/2

[Event "Festival 2023 Tournoi A"]
[Site "Lannemezan"]
[Date "2023.05.18"]
[Round "3.2"]
[White "Levrero, Yolan"]
[Black "Couet, Justin"]
[Result "0-1"]
[WhiteElo "1674"]
[BlackElo "1879"]
[PlyCount "50"]
[EventDate "2023.??.??"]
[WhiteTeam "Club d'Echecs Pau Berlioz"]
[BlackTeam "Echiquier Club Albigeois"]

1. d4 d5 2. c4 e6 3. Nc3 Bb4 4. e3 Nf6 5. a3 Bxc3+ 6. bxc3 O-O 7. cxd5 exd5 8.
Bd3 c5 9. Ne2 Nc6 10. O-O Re8 11. dxc5 Ne5 12. Nd4 Nxd3 13. Qxd3 Qc7 14. a4 Ng4
15. Nf3 Qxc5 16. Ba3 Qc6 17. Qb5 Qxb5 18. axb5 Bd7 19. Nd4 Rec8 20. Bb4 Ne5 21.
Ra2 Nd3 22. Rfa1 Nxb4 23. cxb4 Rc4 24. h3 Rxb4 25. Rxa7 Rb1+ 0-1

[Event "Festival 2023 Tournoi A"]
[Site "Lannemezan"]
[Date "2023.05.18"]
[Round "3.3"]
[White "Grimault, Nathan"]
[Black "Martel Bruniaux, Malko"]
[Result "1/2-1/2"]
[WhiteElo "2130"]
[BlackElo "2143"]
[PlyCount "51"]
[EventDate "2023.??.??"]
[WhiteTeam "l'Echiquier Toulousain"]

1. d4 d5 2. c4 e6 3. Nf3 a6 4. Nc3 dxc4 5. a4 Nc6 6. e3 Na5 7. Nd2 Nf6 8. Nxc4
c5 9. Be2 Nxc4 10. Bxc4 cxd4 11. exd4 Be7 12. O-O O-O 13. Be3 Qc7 14. Ba2 Rd8
15. Qf3 Qa5 16. Rfd1 Qb4 17. Rd2 Bd7 18. d5 exd5 19. Nxd5 Nxd5 20. Bxd5 Be8 21.
Bxb7 Rab8 22. Bd5 Bf6 23. Qe2 a5 24. h3 Bxa4 25. Qg4 Qxg4 26. hxg4 1/2-1/2

[Event "Festival 2023 Tournoi A"]
[Site "Lannemezan"]
[Date "2023.05.18"]
[Round "3.4"]
[White "Phelipot, Lucas"]
[Black "Sayah-Hobon, Noah"]
[Result "1/2-1/2"]
[WhiteElo "1661"]
[BlackElo "1729"]
[Annotator "Samy Ait Chaouche"]
[PlyCount "114"]
[EventDate "2023.??.??"]
[WhiteTeam "Club d'Echecs Pau Berlioz"]
[BlackTeam "Echiquier Henri IV Pau"]

1. e4 e6 2. c4 c6 3. Nc3 Ne7 4. Nf3 d5 5. cxd5 exd5 6. exd5 Nxd5 7. Bc4 Qe7+ 8.
Kf1 Be6 9. Qb3 Nf4 10. d4 Qb4 11. Bxe6 Nxe6 12. Qxb4 Bxb4 13. a3 Bxc3 14. bxc3
Nd7 15. Ke2 O-O 16. Kd3 Rad8 17. Re1 Rfe8 18. Be3 Nb6 19. Kc2 Nc7 20. Kb3 f6
21. h4 Kf7 22. c4 Re4 23. a4 Rde8 24. g3 Nc8 25. Bf4 Rxe1 26. Rxe1 Ne6 27. Be3
Ne7 28. g4 h5 29. g5 Nf5 30. gxf6 Nfxd4+ 31. Nxd4 Nxd4+ 32. Kc3 Nf5 33. fxg7
Re4 34. Rd1 Nxg7 35. Rd7+ Re7 36. Rxe7+ Kxe7 37. Bxa7 Nf5 38. Be3 Kd6 39. Bg5
b6 $2 40. f4 (40. Bf4+ $1 Kd7 41. Bg3 $1 $18) 40... Ke6 41. Bd8 Kd7 42. Bxb6
Nxh4 43. a5 Nf5 44. Bf2 $2 (44. a6 Kc8 45. Kd3 h4 46. Ke2 Nd6 47. Kf3 Nxc4 48.
Bd4 Nd2+ 49. Kg4 Kb8 50. f5 $18) 44... h4 45. Bxh4 Nxh4 $11 46. Kd4 Kd6 47. a6
(47. c5+ Kc7 48. Ke4 Kb7 49. Ke5 Ng6+ 50. Kf5 Nxf4 51. Kxf4 Ka6 52. Ke5 Kxa5
$11) 47... c5+ 48. Ke4 Kc6 49. a7 Kb7 50. Kd5 Ng2 51. f5 Ne3+ 52. Ke5 Nxf5 53.
a8=Q+ Kxa8 54. Kxf5 Kb7 55. Ke6 Kc7 56. Kd5 Kd7 57. Kxc5 Kc7 $11 1/2-1/2

[Event "Festival 2023 Tournoi A"]
[Site "Lannemezan"]
[Date "2023.05.18"]
[Round "1.1"]
[White "Phelipot, Lucas"]
[Black "Martel Bruniaux, Malko"]
[Result "0-1"]
[WhiteElo "1661"]
[BlackElo "2143"]
[PlyCount "94"]
[EventDate "2023.??.??"]
[WhiteTeam "Club d'Echecs Pau Berlioz"]

1. e4 c5 2. Nc3 Nc6 3. g3 g6 4. Bg2 Bg7 5. Nge2 d6 6. O-O e6 7. d3 Nge7 8. f4
O-O 9. Kh1 Rb8 10. g4 f5 11. exf5 exf5 12. g5 d5 13. Ng3 d4 14. Nce2 Be6 15.
Ng1 b5 16. a4 a6 17. axb5 axb5 18. h4 Qd7 19. h5 c4 20. h6 Bh8 21. Kh2 b4 22.
Qe2 b3 23. dxc4 bxc2 24. Re1 Bf7 25. Qxc2 d3 26. Qd2 Bxc4 27. Ra4 Bb5 28. Ra3
Bd4 29. Nf3 Bc5 30. Rb3 Nd4 31. Nxd4 Qxd4 32. Qc3 Qxc3 33. Rxc3 Bb4 34. Rxe7
Bxe7 35. Rc7 Rfc8 36. Rxe7 Rxc1 37. Bd5+ Kh8 38. Nxf5 gxf5 39. g6 hxg6 40. Bf7
d2 41. Bxg6 d1=Q 42. Rh7+ Kg8 43. Rg7+ Kf8 44. Rf7+ Ke8 45. h7 Qg1+ 46. Kh3
Bf1+ 47. Kh4 Qg4# 0-1

[Event "Festival 2023 Tournoi A"]
[Site "Lannemezan"]
[Date "2023.05.18"]
[Round "1.2"]
[White "Levrero, Yolan"]
[Black "Grimault, Nathan"]
[Result "1/2-1/2"]
[WhiteElo "1674"]
[BlackElo "2130"]
[PlyCount "60"]
[EventDate "2023.??.??"]
[WhiteTeam "Club d'Echecs Pau Berlioz"]
[BlackTeam "l'Echiquier Toulousain"]

1. d4 Nf6 2. c4 e6 3. Nf3 b6 4. g3 Ba6 5. b3 d5 6. Bg2 Bb4+ 7. Bd2 Be7 8. cxd5
exd5 9. Ne5 O-O 10. O-O Ne4 11. Nc3 Nxd2 12. Qxd2 c6 13. Rac1 Qd6 14. Rfd1 Nd7
15. Nxc6 Qxc6 16. Nxd5 Qd6 17. Nc7 Rac8 18. Nxa6 b5 19. Nc5 Nxc5 20. dxc5 Qxd2
21. Rxd2 Rxc5 22. Rxc5 Bxc5 23. Rd5 Rc8 24. Rd7 Kf8 25. Bd5 Be7 26. Rxa7 b4 27.
e3 g6 28. Ra8 Rxa8 29. Bxa8 Bc5 30. Kg2 Ke7 1/2-1/2

[Event "Festival 2023 Tournoi A"]
[Site "Lannemezan"]
[Date "2023.05.18"]
[Round "1.3"]
[White "Sayah-Hobon, Noah"]
[Black "Serrier, Mathis"]
[Result "0-1"]
[WhiteElo "1729"]
[BlackElo "2001"]
[PlyCount "66"]
[EventDate "2023.??.??"]
[WhiteTeam "Echiquier Henri IV Pau"]
[BlackTeam "l'Echiquier Toulousain"]

1. e4 e5 2. Nf3 Nc6 3. d4 exd4 4. Bc4 Nf6 5. e5 d5 6. Bb5 Nd7 7. O-O Be7 8.
Bxc6 bxc6 9. Nxd4 Nb8 10. c3 O-O 11. Be3 c5 12. Nb3 c4 13. Nd4 c5 14. Ne2 Nc6
15. f4 Bf5 16. Qa4 Qb6 17. b4 d4 18. Bf2 Bd3 19. Qd1 Rfd8 20. Qe1 a5 21. cxd4
cxd4 22. Nd2 axb4 23. Nf3 Bc5 24. Kh1 b3 25. e6 b2 26. exf7+ Kh8 27. Rb1 c3 28.
Nexd4 Bxf1 29. Ne6 Bxf2 30. Qxc3 Nd4 31. Nfxd4 Bxd4 32. Qe1 Qc6 33. Nxd8 Qxg2#
0-1

[Event "Festival 2023 Tournoi A"]
[Site "Lannemezan"]
[Date "2023.05.18"]
[Round "1.4"]
[White "Rigaud-Retourne, Mael"]
[Black "Couet, Justin"]
[Result "0-1"]
[WhiteElo "1839"]
[BlackElo "1879"]
[Annotator "zamai"]
[PlyCount "45"]
[EventDate "2023.??.??"]
[WhiteTeam "Echiquier Henri IV Pau"]
[BlackTeam "Echiquier Club Albigeois"]

1. d4 d5 2. Bf4 e6 3. e3 Nf6 4. Nf3 c5 5. c3 Bd6 6. Bg3 O-O 7. Nbd2 b6 8. Bd3
Bb7 9. Ne5 Nc6 10. f4 Ne7 11. Qf3 Nf5 12. Bf2 Bc7 13. O-O Nd6 14. Bc2 Nde4 15.
Nxe4 Nxe4 16. Qh3 f5 17. Rad1 Bxe5 18. Bxe4 dxe4 19. dxe5 Qc8 20. Bh4 Bc6 21.
Rd2 b5 22. Rfd1 Bd5 23. b3 {illisible} 0-1

[Event "Festival 2023 Tournoi A"]
[Site "Lannemezan"]
[Date "2023.05.18"]
[Round "7.1"]
[White "Martel Bruniaux, Malko"]
[Black "Rigaud-Retourne, Mael"]
[Result "1-0"]
[WhiteElo "2143"]
[BlackElo "1839"]
[Annotator "zamai"]
[PlyCount "58"]
[EventDate "2023.??.??"]
[BlackTeam "Echiquier Henri IV Pau"]

1. d4 d5 2. Nf3 e6 3. c4 a6 4. Bg5 Be7 5. Bxe7 Nxe7 6. e3 Nd7 7. Nc3 O-O 8. Rc1
dxc4 9. Bxc4 c5 10. Be2 cxd4 11. Nxd4 b6 12. Bf3 Ra7 13. Qe2 Bb7 14. O-O Bxf3
15. Nxf3 b5 16. Rfd1 Qb6 (16... Qb8 17. h3 Nf6 18. e4 b4 19. e5 Nfd5 20. Ne4
Rd8 21. Nd6 Rad7 22. Ng5 Ng6 23. Qh5 h6 24. Nxe6 Ndf4 25. Nxf4 Nxf4 26. Qg4 Ng6
27. Ne4 Rxd1+ 28. Rxd1 Rxd1+ 29. Qxd1) 17. h3 Nf6 18. e4 b4 19. e5 Nfd5 20. Ne4
Rd8 21. Nd6 Rad7 22. Ng5 Ng6 23. Qh5 h6 24. Nxe6 Ndf4 25. Nxf4 Nxf4 26. Qg4 Ng6
27. Ne4 Rxd1+ 28. Rxd1 Rxd1+ 29. Qxd1 Qc5 1-0

[Event "Festival 2023 Tournoi A"]
[Site "Lannemezan"]
[Date "2023.05.18"]
[Round "2.2"]
[White "Serrier, Mathis"]
[Black "Grimault, Nathan"]
[Result "1-0"]
[WhiteElo "2001"]
[BlackElo "2130"]
[PlyCount "93"]
[EventDate "2023.??.??"]
[WhiteTeam "l'Echiquier Toulousain"]
[BlackTeam "l'Echiquier Toulousain"]

1. d4 g6 2. Nf3 Bg7 3. g3 Nf6 4. Bg2 O-O 5. O-O d6 6. Nbd2 Na6 7. e4 e5 8. dxe5
dxe5 9. Qe2 Re8 10. Rd1 Qe7 11. a4 Bg4 12. h3 Bxf3 13. Bxf3 Rad8 14. b3 Qe6 15.
Kg2 Nb4 16. c3 Nd3 17. Ba3 b6 18. Nc4 Nc5 19. Bxc5 bxc5 20. a5 Rd7 21. a6 Red8
22. Rxd7 Rxd7 23. Ra5 h5 24. Qa2 Bf8 25. Rb5 Rd3 26. Rb7 Rxf3 27. Kxf3 Qxh3 28.
Rb8 Qh1+ 29. Ke2 Nxe4 30. Qc2 Qg2 31. Qd3 Qxf2+ 32. Kd1 Qg1+ 33. Kc2 Qe1 34.
Qd8 Qxc3+ 35. Kb1 Qe1+ 36. Kb2 Qc3+ 37. Ka2 Qc2+ 38. Nb2 Nc3+ 39. Ka3 Nb1+ 40.
Ka4 Qe4+ 41. Ka5 Qe1+ 42. b4 Kg7 43. Qxf8+ Kf6 44. Qd8+ Ke6 45. Nd3 Qe3 46.
Nxc5+ Qxc5+ 47. bxc5 1-0

[Event "Festival 2023 Tournoi A"]
[Site "Lannemezan"]
[Date "2023.05.18"]
[Round "7.3"]
[White "Levrero, Yolan"]
[Black "Serrier, Mathis"]
[Result "1/2-1/2"]
[WhiteElo "1674"]
[BlackElo "2001"]
[PlyCount "50"]
[EventDate "2023.??.??"]
[WhiteTeam "Club d'Echecs Pau Berlioz"]
[BlackTeam "l'Echiquier Toulousain"]

1. d4 Nf6 2. c4 c5 3. d5 e6 4. Nc3 exd5 5. cxd5 d6 6. e4 g6 7. f4 Bg7 8. Bb5+
Nfd7 9. a4 O-O 10. Nf3 Na6 11. O-O Nb4 12. Re1 a6 13. Bf1 Re8 14. h3 f5 15. Bd2
fxe4 16. Nxe4 Nf6 17. Nxf6+ Bxf6 18. Qb3 Rxe1 19. Rxe1 Bf5 20. g4 Bd7 21. Ng5
Qa5 22. Qg3 c4 23. Qh4 Qc5+ 24. Be3 Bxg5 25. Qxg5 Qxd5 1/2-1/2

[Event "Festival 2023 Tournoi A"]
[Site "Lannemezan"]
[Date "2023.05.18"]
[Round "7.4"]
[White "Couet, Justin"]
[Black "Sayah-Hobon, Noah"]
[Result "0-1"]
[WhiteElo "1879"]
[BlackElo "1729"]
[PlyCount "60"]
[EventDate "2023.??.??"]
[WhiteTeam "Echiquier Club Albigeois"]
[BlackTeam "Echiquier Henri IV Pau"]

1. c4 Nf6 2. Nc3 e6 3. e4 d6 4. d4 Nbd7 5. Be3 Be7 6. Be2 b6 7. Bf3 Rb8 8. Nge2
Bb7 9. O-O c5 10. Qc2 O-O 11. Rad1 Qc8 12. b3 Rd8 13. g3 e5 14. d5 Nf8 15. Bg2
Ng4 16. Bc1 Ng6 17. h3 Nh6 18. Be3 Qd7 19. Qc1 Bf8 20. f4 f6 21. fxe5 fxe5 22.
Rf2 Nf7 23. Rdf1 Ngh8 24. Kh2 Bc8 25. Ng1 Be7 26. h4 Qb7 27. Qd1 Rf8 28. Nh3
Bd7 29. Qh5 Qc8 30. Bg5 Bg4 0-1